MDQL
is popping MORE tags! Check the
thread
!
Quizzes
Events
Quiz Creation
Community
Videos
Private Events
Remove Ads
Sign In
Join for FREE
Feedback
Dark Mode
Quiz Categories
Sports
Geography
Music
Movies
Television
Just For Fun
Miscellaneous
History
Literature
Language
Science
Gaming
Entertainment
Religion
Holiday
For Kids
Quiz Lab
Recent
Popular Today
Quiz Kudos Today
Editor Picks
Curator Picks
Quizzes by...
Day
Popularity
Type
Ratings
Length
Year
Community
Subscriptions
Recent Discussions
Orange Saloon
Badges
Playlists
Quests
Create
Leaderboards
Showdown
Live 5
Trivia Bingo
Activity
Puzzle Library
Sporcle Events
Private Events
Virtual Trivia
Globe League
Become a Host
Pub Owners
SporcleCon
Opinionation
Our Games
Videos
Blog
Mobile Apps
Partnerships
Remove Ads and Go Orange
Feedback
Sports
Athletes
MLB
NBA
NHL
NFL
Soccer
Sports Teams
WWE
NCAA
Football
Premier League
Basketball
Baseball
Hockey
Golf
Tennis
Cricket
Rugby
Auto Racing
Olympics
World Cup
Sports
Athletes
MLB
NBA
NHL
NFL
Soccer
Sports Teams
WWE
NCAA
Football
Premier League
Basketball
Baseball
Hockey
Golf
Tennis
Cricket
Rugby
Auto Racing
Olympics
World Cup
Random Quiz
Search Sporcle
×
Quiz Lab
Quiz Lab
Sports
Blitz
Type in answers that appear in a list
Type in answers that appear in a list
Classic
Best Score? Go Orange.
60 Second Blitz: Current F1 Drivers Stats
Can you name the current F1 divers in 60 seconds?
By
JensonsBeard
60s
24 Questions
435 Plays
435 Plays
435 Plays
Comments
Comments
Give Quiz Kudos
Give Quiz Kudos
-
- Ratings
hide this ad
Replay
Link that replays current quiz
Next Quiz
Link to next quiz in quiz playlist
You Got
0%
They Got
Avg Score
66%
Avg Friend Score
Upgrade to see
Score Distribution
Jump to the score distribution portion of the page
Score
0/24
Timer
01:00
0
Plays Today
Team
Driver
% Correct
McLaren
Lewis Hamilton
97%
Red Bull
Sebastian Vettel
95.4%
Ferrari
Fernando Alonso
94.7%
McLaren
Jenson Button
94.5%
Red Bull
Mark Webber
92.6%
Mercedes
Michael Schumacher
92%
Ferrari
Felipe Massa
90.8%
Mercedes
Nico Rosberg
89%
Williams
Rubens Barrichello
70.1%
Renault
Robert Kubica
67.1%
Force India
Adrian Sutil
66.2%
Renault
Vitaly Petrov
62.5%
Team
Driver
% Correct
Williams
Nico Hülkenberg
58.9%
Hispania
Bruno Senna
56.3%
Lotus
Jarno Trulli
54.9%
Toro Rosso
Sébastien Buemi
53.3%
Virgin
Timo Glock
51.5%
Force India
Vitantonio Liuzzi
49.9%
Lotus
Heikki Kovalainen
49.9%
Sauber
Kamui Kobayashi
44.8%
Toro Rosso
Jaime Alguersuari
41.8%
Sauber
Pedro de la Rosa
39.1%
Hispania
Karun Chandhok
38.4%
Virgin
Lucas di Grassi
37.5%
Quiz Playlist
Details
Report
Send in Message
Add To Playlist
Classic:
Type in answers that appear in a list
Quiz Source
Last Updated: Feb 16, 2017
Quiz Scoreboard
CHALLENGE
Sign Up to Join the Scoreboard
Show All
Scores
Hide
Comments
May contain spoilers
Recently Published
Image Sorting: Flags VI
by Barbecue
Geography
2m
Find the 'City' Movie
by crazypaving
Movies
60s
Colored Red Africa Blitz
by spor1
Geography
45s
More to Explore
Quiz From the Vault
Featured Blog Post
14 Easter Pick-up Lines to Find Eggs With
hide this ad
You Might Also Like...
Tags
Blitz Quiz
Driver
second
team
Today's Top Quizzes in Sports
Browse Sports
hide this ad
Today's Top Quizzes in Blitz
Browse Blitz
Top Contributed Quizzes in Sports
1
Les meilleurs buteurs des matchs entre le PSG et l’OM
2
Les entraîneurs de l'OM et du PSG au 21e siècle
3
Les joueurs passés par le PSG et l'OM
4
2022 World Cup Stars
5
Players with Multiple 50 Home Run Seasons
6
Criteria MLB: Left Handed Sluggers
7
MLB Players with Two .350 Batting Average Seasons
8
Les joueurs passés par le LOSC et le RC Lens
9
NBA Logic Puzzle 2.0
10
Top 10 NHL Goal Scorers of All Time
Explore More
Trending Topics
Marvel
Kpop
Disney
Crossword
NBA
Harry Potter
Anime
The Office
Song
Country
WWE
Pokémon
Soccer
NFL
Puzzle
hide this ad
More By:
JensonsBeard
Quiz
Plays
Rating
Category
Featured
Created
F1 Top 3 Drivers By Year
62,867
4.59
Sports
Apr 7, 2010
100 Greatest Formula One Drivers
6,225
4.42
Sports
Mar 5, 2010
Karl Pilkington's Rockbusters
6,006
4.59
Music
Sep 25, 2009
The Noughties In F1
5,919
4.12
Sports
Sep 12, 2010
Figure Out The Lyrics (D)
4,969
2.52
Music
Dec 7, 2009
Go to Creator's Profile
Score Distribution
Quiz Creator Spotlight
JensonsBeard
Follow
Send a Message
Quizzes Created
-
Created Quiz Play Count
-
More By This Creator
Popular Quizzes Today
1
Colored Red Africa Blitz
2
Find the US States - No Outlines Minefield
3
Find the 'City' Movie
4
5x2 Blitz: Bands
5
The Countries of the World
6
Find the US States
7
Find the Countries of Europe - No Outlines Minefield
8
US States
More Sports Quizzes
Les victimes des 44 coups francs de Juninho à l'OL
Quiz Lab
Trending Quizzes
Colored Red Europe Blitz I
Colored Red Europe Blitz II
Colored Red Africa Blitz II
Colored Red Europe Blitz III
Colored Red Africa Blitz III
Recently Updated
How Do You Spell That?
pecheneg
Godzilla Movies
pecheneg
Grab Bag: 4-10 Letters
pecheneg
2024 March Madness Bracket
pecheneg
Famous TV Couples
Peacemaker
Champions League XIs: Real Madrid
pecheneg
Largest US Cities 1790-2010
pecheneg
Rides in Walt Disney World
pecheneg
Most Oscar Losses (Acting)
pecheneg
Beyoncé Albums
pecheneg
Trending Topics
Marvel
Harry Potter
Anime
Crossword
NBA
Kpop
Disney
Song
NFL
The Office
Puzzle
Country
Soccer
Pokémon
WWE
Your Account Isn't Verified!
In order to create a playlist on Sporcle, you need to verify the email address you used during registration. Go to your
Sporcle Settings
to finish the process.
Report this User
Report this user for behavior that violates our
Community Guidelines
.
Details:
Send Report
Go to the Sporcle.com Mobile Site →
Comments